<Le> commerce européen des produits agricoles développements récents

Gespeichert in:
Bibliographische Detailangaben
Format: Buch
Sprache:Französisch
Veröffentlicht: New York Nations Unies 1983
Tags: Tag hinzufügen
Keine Tags, Fügen Sie das erste Tag hinzu!

MARC

LEADER 00000nam a2200000 4500
001 c134551
005 20041019155301.5
041 0 |a fre 
044 |a US 
245 1 0 |a <Le> commerce européen des produits agricoles  |b développements récents 
264 1 |a New York  |b Nations Unies  |c 1983 
300 |a 54 s.